Les 4 villes les plus peuplées par état des états-unis - Statistiques

Statistiques générales
  • Ce quiz a été pris 27 fois
  • Le résultat moyen est 92 sur 252
Statistiques - réponses
Abrév. Population Init. Ville /Etat % Correct
NY 19 571 216 | 8 258 035 New York
92%
716 577 D Denver
88%
3 820 914 LA Los Angeles
88%
455 924 M Miami
88%
AL 5 108 468 Alabama
84%
AZ 7 431 344 Arizona
84%
AR 3 067 732 Arkansas
84%
CA 38 965 193 Californie
84%
2 664 452 C Chicago
84%
1 302 868 D Dallas
84%
IN 6 862 199 Indiana
84%
WA 7 812 880 Washington
84%
653 833 B Boston
80%
CO 5 877 610 Colorado
80%
DE 1 031 890 Delaware
80%
ID 1 964 726 Idaho
80%
KS 2 942 546 Kansas
80%
1 550 542 P Philadelphie
80%
1 650 070 P Phoenix
80%
1 388 320 SD San Diego
80%
808 988 SF San Francisco
80%
969 655 SJ San Jose
80%
TX 30 503 301 Texas
80%
678 972 WDC Washington DC
80%
AK 733 406 Alaska
76%
510 823 A Atlanta
76%
CT 3 617 176 Connecticut
76%
ND 783 926 Dakota du Nord
76%
SD 919 318 Dakota du Sud
76%
HI 1 435 138 Hawai
76%
2 314 157 H Houston
76%
879 293 I Indianapolis
76%
IA 3 207 004 Iowa
76%
MI 10 037 261 Michigan
76%
MT 1 132 812 Montana
76%
NJ 9 290 841 New Jersey
76%
NM 2 114 371 Nouveau Mexique
76%
OK 4 053 824 Oklahoma
76%
PA 12 961 683 Pennsylvanie
76%
630 498 | 69 104 P Portland
76%
1 495 295 SA San Antonio
76%
755 078 S Seattle
76%
VA 8 715 698 Virginie
76%
WI 5 910 955 Wisconsin
76%
979 882 A Austin
72%
219 573 BR Baton Rouge
72%
NC 10 835 491 Caroline du Nord
72%
SC 5 373 555 Caroline du Sud
72%
FL 22 610 726 Floride
72%
GA 11 029 227 Georgie
72%
IL 12 549 689 Illinois
72%
KY 4 526 154 Kentucky
72%
364 136 LNO La Nouvelle Orléans
72%
660 929 LV Las Vegas
72%
LA 4 573 749 Louisiane
72%
MA 7 001 399 Massachusetts
72%
MN 5 737 915 Minnesota
72%
OH 11 785 935 Ohio
72%
320 742 O Orlando
72%
209 593 SLC Salt Lake City
72%
TN 7 126 489 Tennessee
72%
UT 3 417 734 Utah
72%
VT 647 464 Vermont
72%
WV 1 770 071 Virginie Occidentale
72%
WY 584 057 Wyoming
72%
286 075 A Anchorage
68%
911 311 C Charlotte
68%
143 709 J Jackson
68%
985 843 J Jacksonville
68%
618 639 M Memphis
68%
425 115 M Minneapolis
68%
MO 6 196 156 Missouri
68%
NE 1 978 379 Nebraska
68%
NV 3 194 176 Nevada
68%
NH 1 402 054 New Hampshire
68%
OR 4 233 358 Oregon
68%
RI 1 095 962 Rhode Island
68%
633 218 D Detroit
64%
ME 1 395 722 Maine
64%
702 767 O Oklahoma City
64%
281 754 SL Saint Louis
64%
201 877 | 913 175 C Columbus
60%
152 933 | 510 704 KC Kansas City
60%
MD 6 180 253 Maryland
60%
MS 2 939 690 Mississippi
60%
687 788 N Nashville
60%
560 274 A Albuquerque
56%
565 239 B Baltimore
56%
350 964 H Honolulu
56%
31 555 J Juneau
56%
210 381 DM Des Moines
52%
622 981 L Louisville
52%
561 385 M Milwaukee
52%
274 915 R Reno
52%
403 364 T Tampa
52%
DC 678 972 District of Columbia
48%
31 856 F Fairbanks
48%
229 247 R Richmond
48%
547 239 T Tucson
48%
411 894 T Tulsa
48%
362 656 C Cleveland
44%
482 295 R Raleigh
44%
89 167 SF Santa Fe
44%
153 672 | 170 188 S Springfield
44%
311 097 C Cincinnati
40%
203 842 LR Little Rock
40%
30 169 | 304 960 N Newark
40%
196 644 B Birmingham
36%
155 369 | 46 838 C Charleston
36%
488 664 CS Colorado Springs
36%
195 287 M Montgomery
36%
303 255 P Pittsburg
36%
303 820 SP Saint Paul
36%
453 659 VB Virginia Beach
36%
235 421 B Boise
32%
274 678 B Buffalo
32%
65 168 C Cheyenne
32%
129 330 | 142 416 C Columbia
32%
135 319 NH New Haven
32%
190 792 P Providence
32%
177 432 S Salem
32%
396 119 W Wichita
32%
119 669 H Hartford
28%
294 757 L Lincoln
28%
483 335 O Omaha
28%
177 899 E Eugene
24%
133 188 F Fargo
24%
196 608 GR Grand Rapids
24%
291 657 JC Jersey City
24%
280 305 M Madison
24%
122 413 | 207 274 | 33 519 R Rochester
24%
206 410 SF Sioux Falls
24%
222 906 T Tacoma
24%
75 092 B Bismarck
20%
229 447 S Spokane
20%
200 884 A Augusta
16%
39 894 D Dover
16%
320 154 L Lexington
16%
156 512 M Macon
16%
230 930 N Norfolk
16%
284 771 NLV North Las Vegas
16%
207 621 W Worcester
16%
31 628 B Bangor
12%
296 186 D Durham
12%
60 422 GF Great Falls
12%
105 744 GB Green Bay
12%
302 296 G Greensboro
12%
337 305 H Henderson
12%
115 474 M Manchester
12%
511 648 M Mesa
12%
77 757 M Missoula
12%
196 442 V Vancouver
12%
207 657 Y Yonkers
12%
177 563 | 395 052 A Aurora
8%
148 028 B Bridgeport
8%
58 720 C Casper
8%
135 958 CR Cedar Rapids
8%
253 886 C Chesapeake
8%
44 629 C Concord
8%
87 680 D Duluth
8%
269 994 FW Fort Wayne
8%
225 564 H Huntsville
8%
121 567 L Lafayette
8%
114 892 LC Las Cruces
8%
182 595 M Mobile
8%
113 343 P Provo
8%
265 304 T Toledo
8%
124 880 A Allentown
4%
63 922 B Bellevue
4%
120 864 B Billings
4%
57 305 B Bozeman
4%
44 528 B Burlington
4%
280 167 C Chandler
4%
187 030 C Chattanooga
4%
50 922 EH East Honolulu
4%
101 680 F Fayetteville
4%
170 376 FC Fort Collins
4%
33 496 G Gillette
4%
52 622 GI Grand Island
4%
150 489 J Joliet
4%
98 211 K Kenosha
4%
198 162 K Knoxville
4%
139 506 L Lakewood
4%
150 245 N Naperville
4%
121 469 NC North Charleston
4%
79 404 RC Rapid City
4%
177 959 S Shreveport
4%
71 675 W Wilmington
4%
28 110 A Aberdeen
0%
76 212 BG Bowling Green
0%
119 194 BA Broken Arrow
0%
24 312 B Brookings
0%
68 366 C Caldwell
0%
118 214 C Cambridge
0%
82 632 C Cranston
0%
100 354 D Davenport
0%
10 817 EJ Essex Junction
0%
115 332 E Evansville
0%
104 094 F Fishers
0%
89 770 FS Fort Smith
0%
85 793 F Frederick
0%
69 563 G Gaithersburg
0%
58 921 GF Grand Forks
0%
110 685 G Gresham
0%
72 823 G Gulfport
0%
48 414 H Hattiesburg
0%
44 186 H Hilo
0%
45 325 H Huntington
0%
32 152 L Laramie
0%
38 404 L Lewinston
0%
134 801 M Meridian
0%
25 022 M Middletown
0%
47 373 M Minot
0%
30 429 M Morgantown
0%
95 232 MP Mount Pleasant
0%
114 268 N Nampa
0%
91 003 N Nashua
0%
130 046 N Norman
0%
147 461 O Olathe
0%
197 089 OP Overland Park
0%
60 140 O Owensboro
0%
29 025 P Pakersburg
0%
156 452 P Paterson
0%
75 321 P Pawtucket
0%
45 295 PC Pearl City
0%
94 903 R Reading
0%
110 660 RR Rio Rancho
0%
67 297 R Rockville
0%
15 630 R Rutland
0%
85 727 SC Sioux City
0%
56 851 S Southaven
0%
21 043 SB South Burlington
0%
26 840 SP South Portland
0%
88 224 S Springdale
0%
136 226 S Stamford
0%
133 306 SH Sterling Heights
0%
136 655 W Warren
0%
82 999 W Warwick
0%
9 945 W Wasilla
0%
114 908 WJ West Jordan
0%
134 470 WVC West Valley City
0%
Aucun quiz correspondant
Distribution des résultats
% des personnes avec chaque résultat
Percentile par nombre de réponses
Votre historique - résultats
Vous n’avez pas pris ce quiz